Ülést tartott a városi tanács végrehajtó bizottsága
Elmentve itt :
| Dokumentumtípus: | Cikk |
|---|---|
| Megjelent: |
1977-11-11
|
| Sorozat: | Délmagyarország
67 No. 265 |
| Kulcsszavak: | hidak, városi tanács, városesztétika |
| Online Access: | http://dmarchiv.bibl.u-szeged.hu/110477 |
| LEADER | 00455nab a2200145 i 4500 | ||
|---|---|---|---|
| 001 | delm110477 | ||
| 005 | 20190520084128.0 | ||
| 008 | 190520s1977 hu o 0|| hun d | ||
| 040 | |a SZTE Délmagyarország Archívum |b hun | ||
| 041 | |a hun | ||
| 245 | 0 | 0 | |a Ülést tartott a városi tanács végrehajtó bizottsága |h [elektronikus dokumentum] |
| 260 | |c 1977-11-11 | ||
| 300 | |a 1 | ||
| 490 | 0 | |a Délmagyarország |v 67 No. 265 | |
| 695 | |a hidak, városi tanács, városesztétika | ||